| 000 | 00542nam a2200193Ia 4500 | ||
|---|---|---|---|
| 005 | 20250508162732.0 | ||
| 008 | 008 250505s9999 xx 000 0 eng d | ||
| 037 | _aBooks to be hide in OPAC | ||
| 040 |
_aFEDL _beng _cFEDL |
||
| 041 |
_aeng _2eng |
||
| 084 |
_a025.1, KRI _qFEDL |
||
| 100 | _aKrishan Kumar | ||
| 245 | 0 | _aLibrary manual | |
| 260 |
_aNew Delhi, India _bVikas Publishing House Private Limited _c1982 |
||
| 300 | _a386p. | ||
| 650 | _aLibrary Science | ||
| 942 |
_cHB _h025.1, KRI |
||
| 999 |
_c1378389 _d1378389 |
||